[Event "2022 Welsh Championship"]
[Site "Cardiff"]
[Date "2022.04.18"]
[Round "6"]
[Board "6"]
[White "Smith, Lynda"]
[Black "Thomas, James"]
[Result "0-1"]
[WhiteElo "1772"]
[BlackElo "1941"]
[PlyCount "0"]
[EventDate "2022.04.15"]
[EventRounds "7"]
[EventCountry "WLS"]

1. f4 {[%clk 01:30:50]} {[%emt 00:00:09]} d5 {[%clk 01:30:42]} {[%emt
00:00:18]} 2. Nf3 {[%clk 01:31:16]} {[%emt 00:00:04]} Nc6 {[%clk 01:30:44]}
{[%emt 00:00:28]} 3. g3 {[%clk 01:29:58]} {[%emt 00:01:48]} h5 {[%clk
01:30:07]} {[%emt 00:01:07]} 4. d3 {[%clk 01:27:49]} {[%emt 00:02:39]} h4
{[%clk 01:26:03]} {[%emt 00:04:34]} 5. Rg1 {[%clk 01:22:33]} {[%emt 00:05:46]}
hxg3 {[%clk 01:24:43]} {[%emt 00:01:50]} 6. Rxg3 {[%clk 01:22:19]} {[%emt
00:00:43]} Nf6 {[%clk 01:22:38]} {[%emt 00:02:34]} 7. e3 {[%clk 01:16:58]}
{[%emt 00:05:51]} Bg4 {[%clk 01:19:31]} {[%emt 00:03:37]} 8. h3 {[%clk
01:15:37]} {[%emt 00:01:51]} Bf5 {[%clk 01:16:02]} {[%emt 00:03:59]} 9. Nbd2
{[%clk 01:04:30]} {[%emt 00:11:37]} Qd6 {[%clk 01:07:52]} {[%emt 00:08:40]} 10.
Qe2 {[%clk 01:00:37]} {[%emt 00:04:23]} O-O-O {[%clk 01:01:57]} {[%emt
00:06:25]} 11. Ng5 {[%clk 00:57:22]} {[%emt 00:03:45]} Bg6 {[%clk 00:59:18]}
{[%emt 00:03:09]} 12. Ndf3 {[%clk 00:54:03]} {[%emt 00:03:48]} e5 {[%clk
00:56:41]} {[%emt 00:03:07]} 13. fxe5 {[%clk 00:52:54]} {[%emt 00:01:40]} Nxe5
{[%clk 00:56:39]} {[%emt 00:00:31]} 14. Nxe5 {[%clk 00:52:43]} {[%emt
00:00:41]} Qxe5 {[%clk 00:56:34]} {[%emt 00:00:35]} 15. Rg1 {[%clk 00:51:53]}
{[%emt 00:01:20]} Bb4+ {[%clk 00:50:42]} {[%emt 00:06:22]} 16. Kd1 {[%clk
00:51:36]} {[%emt 00:00:47]} Bh5 {[%clk 00:43:31]} {[%emt 00:07:42]} 17. Nf3
{[%clk 00:51:22]} {[%emt 00:00:44]} Qf5 {[%clk 00:41:25]} {[%emt 00:02:35]} 18.
Bg2 {[%clk 00:48:52]} {[%emt 00:03:00]} Ne4 {[%clk 00:36:25]} {[%emt 00:05:30]}
19. a3 {[%clk 00:42:49]} {[%emt 00:06:33]} Ba5 {[%clk 00:34:19]} {[%emt
00:02:37]} 20. h4 {[%clk 00:39:16]} {[%emt 00:04:02]} Rh6 {[%clk 00:31:09]}
{[%emt 00:03:41]} 21. Qf1 {[%clk 00:28:57]} {[%emt 00:10:48]} Bg4 {[%clk
00:28:12]} {[%emt 00:03:26]} 22. b4 {[%clk 00:27:05]} {[%emt 00:02:23]} Bb6
{[%clk 00:27:36]} {[%emt 00:01:06]} 23. Ke1 {[%clk 00:24:28]} {[%emt 00:03:06]}
Qf6 {[%clk 00:23:54]} {[%emt 00:04:12]} 24. d4 {[%clk 00:18:59]} {[%emt
00:05:59]} Bxf3 {[%clk 00:20:33]} {[%emt 00:03:52]} 25. Qxf3 {[%clk 00:17:50]}
{[%emt 00:01:38]} Qxh4+ {[%clk 00:20:00]} {[%emt 00:01:03]} 26. Ke2 {[%clk
00:16:50]} {[%emt 00:01:31]} Ng3+ {[%clk 00:15:08]} {[%emt 00:05:22]} 27. Kd3
{[%clk 00:13:37]} {[%emt 00:03:42]} Rc6 {[%clk 00:12:39]} {[%emt 00:02:58]} 28.
Bh3+ {[%clk 00:06:59]} {[%emt 00:07:08]} Qxh3 {[%clk 00:12:23]} {[%emt
00:00:46]} 29. Qxg3 {[%clk 00:06:44]} {[%emt 00:00:46]} Qf5+ {[%clk 00:12:06]}
{[%emt 00:00:47]} 30. Kd2 {[%clk 00:04:16]} {[%emt 00:02:58]} Qxc2+ {[%clk
00:11:14]} {[%emt 00:01:22]} 31. Ke1 {[%clk 00:04:27]} {[%emt 00:00:19]} Qc3+
{[%clk 00:11:17]} {[%emt 00:00:28]}  0-1

[Event "2022 Welsh Championship"]
[Site "Cardiff"]
[Date "2022.04.18"]
[Round "6"]
[Board "7"]
[White "Evans, Nicholas Thomas"]
[Black "Rathbone-Jones, Ifan"]
[Result "1-0"]
[WhiteElo "1882"]
[BlackElo "1915"]
[PlyCount "0"]
[EventDate "2022.04.15"]
[EventRounds "7"]
[EventCountry "WLS"]

1. e4 {[%clk 01:30:56]} {[%emt 00:00:03]} d5 {[%clk 01:30:56]} {[%emt
00:00:05]} 2. exd5 {[%clk 01:29:30]} {[%emt 00:01:55]} Nf6 {[%clk 01:31:20]}
{[%emt 00:00:06]} 3. d4 {[%clk 01:24:03]} {[%emt 00:05:57]} c6 {[%clk
01:29:47]} {[%emt 00:02:04]} 4. dxc6 {[%clk 01:24:21]} {[%emt 00:00:12]} Nxc6
{[%clk 01:30:15]} {[%emt 00:00:02]} 5. Nf3 {[%clk 01:20:24]} {[%emt 00:04:27]}
Bg4 {[%clk 01:30:38]} {[%emt 00:00:06]} 6. c3 {[%clk 01:16:00]} {[%emt
00:04:54]} e5 {[%clk 01:30:52]} {[%emt 00:00:17]} 7. dxe5 {[%clk 01:14:51]}
{[%emt 00:01:40]} Qxd1+ {[%clk 01:31:10]} {[%emt 00:00:12]} 8. Kxd1 {[%clk
01:15:19]} {[%emt 00:00:02]} O-O-O+ {[%clk 01:30:15]} {[%emt 00:01:26]} 9. Ke1
{[%clk 01:10:33]} {[%emt 00:05:14]} Nxe5 {[%clk 01:30:21]} {[%emt 00:00:25]} 10.
Be2 {[%clk 01:07:18]} {[%emt 00:03:45]} Re8 {[%clk 01:16:40]} {[%emt 00:14:11]}
11. Be3 {[%clk 00:58:36]} {[%emt 00:09:12]} Bc5 {[%clk 01:14:32]} {[%emt
00:02:38]} 12. Nbd2 {[%clk 00:57:12]} {[%emt 00:01:54]} Bxe3 {[%clk 01:14:05]}
{[%emt 00:00:57]} 13. fxe3 {[%clk 00:56:53]} {[%emt 00:00:48]} Nd3+ {[%clk
01:11:47]} {[%emt 00:02:49]} 14. Bxd3 {[%clk 00:53:59]} {[%emt 00:03:24]} Rxe3+
{[%clk 01:11:42]} {[%emt 00:00:35]} 15. Kf2 {[%clk 00:54:15]} {[%emt 00:00:14]}
Rxd3 {[%clk 01:12:03]} {[%emt 00:00:10]} 16. Rhe1 {[%clk 00:46:38]} {[%emt
00:08:07]} Rhd8 {[%clk 01:11:27]} {[%emt 00:01:06]} 17. Re2 {[%clk 00:47:02]}
{[%emt 00:00:06]} Nh5 {[%clk 00:57:42]} {[%emt 00:14:15]} 18. Nc4 {[%clk
00:39:28]} {[%emt 00:08:05]} Nf4 {[%clk 00:46:27]} {[%emt 00:11:45]} 19. Re4
{[%clk 00:34:31]} {[%emt 00:05:27]} Nh3+ {[%clk 00:42:03]} {[%emt 00:04:54]} 20.
Kg3 {[%clk 00:23:59]} {[%emt 00:11:01]} f5 {[%clk 00:42:32]} {[%emt 00:00:01]}
21. Re7 {[%clk 00:21:06]} {[%emt 00:03:23]} Ng5 {[%clk 00:36:13]} {[%emt
00:06:50]} 22. Nce5 {[%clk 00:18:43]} {[%emt 00:02:53]} Ne4+ {[%clk 00:27:46]}
{[%emt 00:08:56]} 23. Kf4 {[%clk 00:19:04]} {[%emt 00:00:08]} Nf6 {[%clk
00:28:12]} {[%emt 00:00:04]} 24. Nxd3 {[%clk 00:11:27]} {[%emt 00:08:07]} Nd5+
{[%clk 00:28:42]} 25. Kg3 {[%clk 00:11:43]} {[%emt 00:00:14]} Nxe7 {[%clk
00:29:10]} {[%emt 00:00:02]} 26. Nde5 {[%clk 00:11:30]} {[%emt 00:00:43]} Bh5
{[%clk 00:23:30]} {[%emt 00:06:11]} 27. Re1 {[%clk 00:10:01]} {[%emt 00:01:58]}
Nd5 {[%clk 00:22:43]} {[%emt 00:01:17]} 28. Nd4 {[%clk 00:09:18]} {[%emt
00:01:13]} f4+ {[%clk 00:21:43]} {[%emt 00:01:30]} 29. Kh4 {[%clk 00:07:03]}
{[%emt 00:02:45]} Nf6 {[%clk 00:15:52]} {[%emt 00:06:22]} 30. Ne6 {[%clk
00:06:45]} {[%emt 00:00:48]} Rg8 {[%clk 00:16:21]} 31. g4 {[%clk 00:05:44]}
{[%emt 00:01:31]} Be8 {[%clk 00:15:10]} {[%emt 00:01:41]} 32. g5 {[%clk
00:05:43]} {[%emt 00:00:31]} Nd5 {[%clk 00:11:38]} {[%emt 00:04:03]} 33. c4
{[%clk 00:03:18]} {[%emt 00:02:55]} Ne3 {[%clk 00:10:00]} {[%emt 00:02:08]} 34.
Nxf4 {[%clk 00:03:41]} {[%emt 00:00:07]} Rf8 {[%clk 00:08:41]} {[%emt
00:01:49]} 35. Rxe3 {[%clk 00:03:27]} {[%emt 00:00:43]} Rxf4+ {[%clk 00:09:09]}
{[%emt 00:00:02]} 36. Kg3 {[%clk 00:03:50]} {[%emt 00:00:07]} Rf1 {[%clk
00:08:47]} {[%emt 00:00:52]} 37. b3 {[%clk 00:03:14]} {[%emt 00:01:05]} Kd8
{[%clk 00:08:16]} {[%emt 00:01:01]} 38. Nf3 {[%clk 00:02:34]} {[%emt 00:01:10]}
Bc6 {[%clk 00:08:28]} {[%emt 00:00:19]} 39. h4 {[%clk 00:02:35]} {[%emt
00:00:29]} Rh1 {[%clk 00:06:05]} {[%emt 00:02:53]} 40. Nd4 {[%clk 00:00:46]}
{[%emt 00:02:19]} Bd7 {[%clk 00:03:52]} {[%emt 00:02:43]} 41. Ne6+ {[%clk
00:28:39]} {[%emt 00:02:37]} Ke7 {[%clk 00:30:02]} {[%emt 00:04:19]} 42. Nc5+
{[%clk 00:26:51]} {[%emt 00:02:18]} Kd8 {[%clk 00:30:08]} {[%emt 00:00:24]} 43.
Rd3 {[%clk 00:24:30]} {[%emt 00:02:51]} Rh3+ {[%clk 00:30:37]} {[%emt
00:00:01]} 44. Kf4 {[%clk 00:24:48]} {[%emt 00:00:12]} Rxd3 {[%clk 00:30:16]}
{[%emt 00:00:51]} 45. Nxd3 {[%clk 00:25:16]} {[%emt 00:00:02]} Ke7 {[%clk
00:29:44]} {[%emt 00:01:02]} 46. Nc5 {[%clk 00:24:14]} {[%emt 00:01:31]} Bc8
{[%clk 00:19:12]} {[%emt 00:11:02]} 47. Ke5 {[%clk 00:24:02]} {[%emt 00:00:41]}
a6 {[%clk 00:17:34]} {[%emt 00:02:09]} 48. Ne4 {[%clk 00:22:42]} {[%emt
00:01:50]} b5 {[%clk 00:14:57]} {[%emt 00:03:08]} 49. Nd6 {[%clk 00:21:47]}
{[%emt 00:01:24]} Bd7 {[%clk 00:15:26]} {[%emt 00:00:01]} 50. Nf5+ {[%clk
00:19:46]} {[%emt 00:02:31]} Kf7 {[%clk 00:15:54]} {[%emt 00:00:01]} 51. c5
{[%clk 00:19:04]} {[%emt 00:01:12]} g6 {[%clk 00:10:12]} {[%emt 00:06:12]} 52.
Nd6+ {[%clk 00:18:06]} {[%emt 00:01:27]} Ke7 {[%clk 00:10:30]} {[%emt
00:00:12]} 53. b4 {[%clk 00:18:12]} {[%emt 00:00:25]} Be6 {[%clk 00:09:34]}
{[%emt 00:01:25]} 54. c6 {[%clk 00:15:58]} {[%emt 00:02:44]}  1-0

[Event "2022 Welsh Championship"]
[Site "Cardiff"]
[Date "2022.04.18"]
[Round "6"]
[Board "8"]
[White "Davis, Lee"]
[Black "Turner, Joseph David"]
[Result "1/2-1/2"]
[WhiteElo "1944"]
[BlackElo "1888"]
[PlyCount "0"]
[EventDate "2022.04.15"]
[EventRounds "7"]
[EventCountry "WLS"]

1. d4 {[%clk 01:30:58]} {[%emt 00:00:01]} Nf6 {[%clk 01:29:38]} {[%emt
00:01:20]} 2. Nf3 {[%clk 01:30:31]} {[%emt 00:00:58]} g6 {[%clk 01:30:04]}
{[%emt 00:00:05]} 3. g3 {[%clk 01:30:51]} {[%emt 00:00:09]} Bg7 {[%clk
01:30:27]} {[%emt 00:00:08]} 4. Bg2 {[%clk 01:31:15]} {[%emt 00:00:06]} O-O
{[%clk 01:30:47]} {[%emt 00:00:11]} 5. c4 {[%clk 01:31:40]} {[%emt 00:00:04]}
d6 {[%clk 01:31:01]} {[%emt 00:00:16]} 6. O-O {[%clk 01:32:04]} {[%emt
00:00:05]} c6 {[%clk 01:31:02]} {[%emt 00:00:30]} 7. Nc3 {[%clk 01:32:24]}
{[%emt 00:00:09]} Na6 {[%clk 01:29:39]} {[%emt 00:01:53]} 8. e4 {[%clk
01:32:29]} {[%emt 00:00:25]} Rb8 {[%clk 01:13:04]} {[%emt 00:17:06]} 9. Re1
{[%clk 01:23:01]} Bd7 {[%clk 01:08:05]} {[%emt 00:15:27]} 10. e5 {[%clk
01:12:48]} {[%emt 00:10:46]} Ne8 {[%clk 00:54:50]} {[%emt 00:13:45]} 11. d5
{[%clk 01:08:36]} {[%emt 00:04:41]} Bg4 {[%clk 00:48:29]} {[%emt 00:06:51]} 12.
h3 {[%clk 00:59:08]} {[%emt 00:09:59]} Bxf3 {[%clk 00:47:07]} {[%emt 00:01:52]}
13. Bxf3 {[%clk 00:59:32]} {[%emt 00:00:06]} Bxe5 {[%clk 00:45:56]} {[%emt
00:01:41]} 14. dxc6 {[%clk 00:59:55]} {[%emt 00:00:08]} bxc6 {[%clk 00:41:42]}
{[%emt 00:04:44]} 15. Bxc6 {[%clk 00:59:51]} {[%emt 00:00:34]} e6 {[%clk
00:35:10]} {[%emt 00:07:02]} 16. Bb5 {[%clk 00:54:55]} Nac7 {[%clk 00:29:11]}
{[%emt 00:11:55]} 17. Bh6 {[%clk 00:51:40]} Ng7 {[%clk 00:17:45]} {[%emt
00:15:41]} 18. Qd2 {[%clk 00:49:41]} f6 {[%clk 00:13:28]} {[%emt 00:07:16]} 19.
Rad1 {[%clk 00:46:06]} d5 {[%clk 00:10:08]} {[%emt 00:07:55]} 20. f4 {[%clk
00:42:12]} Bxc3 {[%clk 00:08:09]} {[%emt 00:06:52]} 21. Qxc3 {[%clk 00:42:22]}
Nxb5 {[%clk 00:07:58]} {[%emt 00:01:01]} 22. cxb5 {[%clk 00:42:48]} Qb6+ {[%clk
00:08:12]} {[%emt 00:00:19]} 23. Kg2 {[%clk 00:42:20]} Qxb5 {[%clk 00:07:37]}
{[%emt 00:02:04]} 24. Bxg7 {[%clk 00:42:37]} Qxb2+ {[%clk 00:07:56]} {[%emt
00:00:23]} 25. Qd2 {[%clk 00:42:04]} Kxg7 {[%clk 00:07:59]} {[%emt 00:01:30]}
26. Rxe6 {[%clk 00:42:16]} Rfc8 {[%clk 00:04:39]} {[%emt 00:04:06]} 27. Re7+
{[%clk 00:42:37]} {[%emt 00:00:11]} Kf8 {[%clk 00:04:24]} {[%emt 00:00:44]} 28.
Re2 {[%clk 00:43:05]} Qxd2 {[%clk 00:04:44]} {[%emt 00:00:13]} 29. Rexd2 {[%clk
00:43:06]} Rd8 {[%clk 00:04:54]} {[%emt 00:00:49]} 30. Rxd5 {[%clk 00:41:51]}
Rxd5 {[%clk 00:05:12]} {[%emt 00:01:57]} 31. Rxd5 {[%clk 00:42:17]} Rb2+ {[%clk
00:05:38]} {[%emt 00:00:08]} 32. Kf3 {[%clk 00:42:42]} Rxa2 {[%clk 00:06:03]}
{[%emt 00:00:10]} 33. Rd7 {[%clk 00:43:10]} h5 {[%clk 00:06:10]} {[%emt
00:00:23]} 34. Rb7 {[%clk 00:42:38]} a5 {[%clk 00:06:05]} {[%emt 00:01:38]} 35.
Ra7 {[%clk 00:43:06]} a4 {[%clk 00:05:13]} {[%emt 00:01:25]} 36. Ke4 {[%clk
00:40:38]} a3 {[%clk 00:04:12]} {[%emt 00:04:30]} 37. Kd5 {[%clk 00:40:19]} Rh2
{[%clk 00:02:58]} {[%emt 00:02:34]} 38. Rxa3 {[%clk 00:40:44]} Rxh3 {[%clk
00:03:21]} {[%emt 00:00:10]} 39. Ke6 {[%clk 00:38:26]} {[%emt 00:02:49]} Kg7
{[%clk 00:03:32]} {[%emt 00:00:19]} 40. Ra7+ {[%clk 00:38:21]} {[%emt
00:00:35]} Kh6 {[%clk 00:03:40]} {[%emt 00:00:22]} 41. Kxf6 {[%emt 00:00:38]}
 1/2-1/2

[Event "2022 Welsh Championship"]
[Site "Cardiff"]
[Date "2022.04.18"]
[Round "7"]
[Board "2"]
[White "Fathallah, Joe"]
[Black "Camacho Collados, Jose"]
[Result "0-1"]
[WhiteElo "1869"]
[BlackElo "2414"]
[PlyCount "0"]
[EventDate "2022.04.15"]
[EventRounds "7"]
[EventCountry "WLS"]

1. d4 {[%clk 01:30:55]} {[%emt 00:00:04]} b6 {[%clk 01:30:53]} {[%emt
00:00:08]} 2. e4 {[%clk 01:30:31]} {[%emt 00:00:53]} Bb7 {[%clk 01:31:16]}
{[%emt 00:00:07]} 3. Bd3 {[%clk 01:28:56]} {[%emt 00:02:05]} e6 {[%clk
01:31:38]} {[%emt 00:00:08]} 4. Nf3 {[%clk 01:27:22]} {[%emt 00:02:04]} d5
{[%clk 01:28:37]} {[%emt 00:03:31]} 5. e5 {[%clk 01:25:26]} {[%emt 00:02:26]}
c5 {[%clk 01:28:32]} {[%emt 00:00:34]} 6. c3 {[%clk 01:24:18]} {[%emt
00:01:37]} Qd7 {[%clk 01:28:16]} {[%emt 00:00:47]} 7. Qe2 {[%clk 01:21:00]}
{[%emt 00:03:48]} a5 {[%clk 01:21:39]} {[%emt 00:07:07]} 8. O-O {[%clk
01:10:50]} {[%emt 00:10:40]} Ba6 {[%clk 01:21:49]} {[%emt 00:00:20]} 9. Re1
{[%clk 01:09:49]} {[%emt 00:01:30]} Bxd3 {[%clk 01:21:28]} {[%emt 00:00:53]} 10.
Qxd3 {[%clk 01:10:11]} {[%emt 00:00:07]} Nc6 {[%clk 01:20:52]} {[%emt
00:01:06]} 11. Bf4 {[%clk 01:04:47]} {[%emt 00:05:54]} Nge7 {[%clk 01:18:37]}
{[%emt 00:02:45]} 12. Nbd2 {[%clk 01:04:27]} {[%emt 00:00:51]} cxd4 {[%clk
01:11:19]} {[%emt 00:07:48]} 13. Nxd4 {[%clk 01:02:48]} {[%emt 00:02:09]} Nxd4
{[%clk 01:11:43]} {[%emt 00:00:06]} 14. cxd4 {[%clk 00:57:55]} {[%emt
00:05:23]} Ng6 {[%clk 01:07:18]} {[%emt 00:04:54]} 15. Bg3 {[%clk 00:56:15]}
{[%emt 00:02:10]} Bb4 {[%clk 01:05:52]} {[%emt 00:01:56]} 16. Rec1 {[%clk
00:55:12]} {[%emt 00:01:33]} Bxd2 {[%clk 01:06:05]} {[%emt 00:00:17]} 17. Qxd2
{[%clk 00:55:37]} {[%emt 00:00:05]} O-O {[%clk 01:06:03]} {[%emt 00:00:33]} 18.
Rc2 {[%clk 00:52:50]} {[%emt 00:03:16]} Ne7 {[%clk 01:05:22]} {[%emt 00:01:10]}
19. Rac1 {[%clk 00:51:40]} {[%emt 00:01:40]} Nf5 {[%clk 01:04:58]} {[%emt
00:00:55]} 20. b3 {[%clk 00:46:01]} {[%emt 00:06:09]} Qb5 {[%clk 00:57:57]}
{[%emt 00:07:30]} 21. f3 {[%clk 00:43:49]} {[%emt 00:02:43]} a4 {[%clk
00:53:35]} {[%emt 00:04:51]} 22. Bf2 {[%clk 00:38:34]} {[%emt 00:05:45]} axb3
{[%clk 00:50:33]} {[%emt 00:03:32]} 23. axb3 {[%clk 00:38:49]} {[%emt
00:00:14]} h6 {[%clk 00:33:39]} {[%emt 00:17:24]} 24. g4 {[%clk 00:29:47]}
{[%emt 00:09:32]} Ne7 {[%clk 00:34:01]} {[%emt 00:00:08]} 25. Rc7 {[%clk
00:26:30]} {[%emt 00:03:47]} Ng6 {[%clk 00:34:09]} {[%emt 00:00:22]} 26. h4
{[%clk 00:25:32]} {[%emt 00:01:28]} Qxb3 {[%clk 00:33:53]} {[%emt 00:00:46]} 27.
R7c3 {[%clk 00:16:19]} {[%emt 00:09:42]} Qb4 {[%clk 00:26:23]} {[%emt
00:08:00]} 28. h5 {[%clk 00:16:28]} {[%emt 00:00:21]} Ne7 {[%clk 00:26:31]}
{[%emt 00:00:23]} 29. Be3 {[%clk 00:13:00]} {[%emt 00:03:57]} Ra4 {[%clk
00:22:35]} {[%emt 00:04:27]} 30. f4 {[%clk 00:09:44]} {[%emt 00:03:46]} Ra3
{[%clk 00:17:05]} {[%emt 00:06:02]} 31. Rxa3 {[%clk 00:08:19]} {[%emt
00:01:54]} Qxa3 {[%clk 00:17:34]} {[%emt 00:00:02]} 32. f5 {[%clk 00:08:20]}
{[%emt 00:00:28]} exf5 {[%clk 00:16:27]} {[%emt 00:01:37]} 33. g5 {[%clk
00:02:29]} {[%emt 00:06:20]} hxg5 {[%clk 00:07:50]} {[%emt 00:09:07]} 34. Bxg5
{[%clk 00:02:53]} {[%emt 00:00:06]} Qg3+ {[%clk 00:07:17]} {[%emt 00:01:03]} 35.
Kf1 {[%clk 00:02:34]} {[%emt 00:00:50]} Qf3+ {[%clk 00:05:50]} {[%emt
00:01:57]} 36. Kg1 {[%clk 00:02:40]} {[%emt 00:00:23]} Re8 {[%clk 00:04:26]}
{[%emt 00:01:54]} 37. h6 {[%clk 00:02:35]} {[%emt 00:00:35]} gxh6 {[%clk
00:02:43]} {[%emt 00:02:13]} 38. Bxe7 {[%clk 00:02:25]} {[%emt 00:00:40]} Qg3+
{[%clk 00:02:10]} {[%emt 00:01:03]} 39. Kh1 {[%clk 00:02:34]} {[%emt 00:00:21]}
Qh3+ {[%clk 00:02:21]} {[%emt 00:00:20]} 40. Kg1 {[%clk 00:01:31]} {[%emt
00:01:33]} Kh7 {[%clk 00:01:31]} {[%emt 00:01:19]} 41. Kf2 {[%clk 00:27:12]}
{[%emt 00:04:49]} Rg8 {[%emt 00:07:58]}  0-1

[Event "2022 Welsh Championship"]
[Site "Cardiff"]
[Date "2022.04.18"]
[Round "7"]
[Board "3"]
[White "Kett, Tim"]
[Black "Blackburn, Jonathan L B"]
[Result "1-0"]
[WhiteElo "2168"]
[BlackElo "2215"]
[PlyCount "0"]
[EventDate "2022.04.15"]
[EventRounds "7"]
[EventCountry "WLS"]

1. e4 {[%clk 01:30:48]} {[%emt 00:00:09]} e6 {[%clk 01:30:33]} {[%emt
00:00:26]} 2. d4 {[%clk 01:31:07]} {[%emt 00:00:14]} d5 {[%clk 01:31:00]}
{[%emt 00:00:03]} 3. e5 {[%clk 01:29:34]} {[%emt 00:02:02]} c5 {[%clk
01:31:26]} {[%emt 00:00:04]} 4. c3 {[%clk 01:30:00]} {[%emt 00:00:04]} Nc6
{[%clk 01:31:52]} {[%emt 00:00:05]} 5. Nf3 {[%clk 01:30:25]} {[%emt 00:00:04]}
Bd7 {[%clk 01:32:15]} {[%emt 00:00:07]} 6. Bd3 {[%clk 01:29:35]} {[%emt
00:01:19]} Rc8 {[%clk 01:31:56]} {[%emt 00:00:50]} 7. dxc5 {[%clk 01:25:52]}
{[%emt 00:04:12]} Bxc5 {[%clk 01:31:30]} {[%emt 00:00:58]} 8. O-O {[%clk
01:26:14]} {[%emt 00:00:07]} f5 {[%clk 01:28:36]} {[%emt 00:03:25]} 9. Nbd2
{[%clk 01:22:03]} {[%emt 00:04:39]} a6 {[%clk 01:15:00]} {[%emt 00:14:07]} 10.
Nb3 {[%clk 01:21:51]} {[%emt 00:00:41]} Ba7 {[%clk 01:14:43]} {[%emt 00:00:48]}
11. Qe2 {[%clk 01:17:14]} {[%emt 00:05:06]} Qe7 {[%clk 00:59:30]} {[%emt
00:15:44]} 12. Be3 {[%clk 01:11:20]} {[%emt 00:06:23]} Bxe3 {[%clk 00:59:24]}
{[%emt 00:00:37]} 13. Qxe3 {[%clk 01:11:44]} {[%emt 00:00:05]} Nh6 {[%clk
00:58:39]} {[%emt 00:01:16]} 14. Qb6 {[%clk 01:09:01]} {[%emt 00:03:12]} Qd8
{[%clk 00:56:10]} {[%emt 00:03:00]} 15. Qe3 {[%clk 01:04:20]} {[%emt 00:05:10]}
Qe7 {[%clk 00:52:16]} {[%emt 00:04:25]} 16. Rfe1 {[%clk 01:04:00]} {[%emt
00:00:49]} O-O {[%clk 00:51:37]} {[%emt 00:01:10]} 17. Qf4 {[%clk 00:56:55]}
{[%emt 00:07:35]} Nf7 {[%clk 00:45:37]} {[%emt 00:06:31]} 18. h4 {[%clk
00:56:09]} {[%emt 00:01:15]} g6 {[%clk 00:44:36]} {[%emt 00:01:32]} 19. Nbd4
{[%clk 00:51:39]} {[%emt 00:04:59]} Nxd4 {[%clk 00:41:46]} {[%emt 00:03:20]} 20.
Nxd4 {[%clk 00:51:15]} {[%emt 00:00:53]} g5 {[%clk 00:38:37]} {[%emt 00:03:40]}
21. hxg5 {[%clk 00:51:26]} {[%emt 00:00:19]} Qxg5 {[%clk 00:38:49]} {[%emt
00:00:19]} 22. Qxg5+ {[%clk 00:51:22]} {[%emt 00:00:33]} Nxg5 {[%clk 00:39:17]}
{[%emt 00:00:03]} 23. f4 {[%clk 00:50:59]} {[%emt 00:00:52]} Ne4 {[%clk
00:35:11]} {[%emt 00:04:36]} 24. Bxe4 {[%clk 00:50:25]} {[%emt 00:01:03]} dxe4
{[%clk 00:34:18]} {[%emt 00:01:24]} 25. Kf2 {[%clk 00:48:05]} {[%emt 00:02:50]}
Rce8 {[%clk 00:23:29]} {[%emt 00:11:20]} 26. Re3 {[%clk 00:47:07]} {[%emt
00:01:27]} Re7 {[%clk 00:22:42]} {[%emt 00:01:18]} 27. Rg3+ {[%clk 00:45:32]}
{[%emt 00:02:04]} Rg7 {[%clk 00:22:39]} {[%emt 00:00:34]} 28. Rxg7+ {[%clk
00:44:06]} {[%emt 00:01:55]} Kxg7 {[%clk 00:23:08]} {[%emt 00:00:02]} 29. Rd1
{[%clk 00:41:40]} {[%emt 00:02:55]} Bc8 {[%clk 00:22:39]} {[%emt 00:00:59]} 30.
c4 {[%clk 00:39:34]} {[%emt 00:02:35]} h5 {[%clk 00:19:02]} {[%emt 00:04:08]}
31. b4 {[%clk 00:39:13]} {[%emt 00:00:50]} Kf7 {[%clk 00:18:42]} {[%emt
00:00:50]} 32. c5 {[%clk 00:38:38]} {[%emt 00:01:04]} Rd8 {[%clk 00:17:16]}
{[%emt 00:01:57]} 33. Rd2 {[%clk 00:36:10]} {[%emt 00:02:58]} Ke7 {[%clk
00:14:01]} {[%emt 00:03:45]} 34. c6 {[%clk 00:21:14]} {[%emt 00:15:26]} Rg8
{[%clk 00:12:23]} {[%emt 00:02:08]} 35. a4 {[%clk 00:10:28]} {[%emt 00:11:16]}
Rg4 {[%clk 00:12:18]} {[%emt 00:00:35]} 36. Rc2 {[%clk 00:10:07]} {[%emt
00:00:50]} bxc6 {[%clk 00:12:04]} {[%emt 00:00:46]} 37. Rxc6 {[%clk 00:09:16]}
{[%emt 00:01:21]} Bd7 {[%clk 00:08:13]} {[%emt 00:04:21]} 38. Rxa6 {[%clk
00:09:28]} {[%emt 00:00:17]} Rxf4+ {[%clk 00:08:40]} {[%emt 00:00:04]} 39. Ke3
{[%clk 00:09:46]} {[%emt 00:00:11]} Rg4 {[%clk 00:08:52]} {[%emt 00:00:19]} 40.
b5 {[%clk 00:04:47]} {[%emt 00:05:29]} Rxg2 {[%clk 00:04:01]} {[%emt 00:05:21]}
41. b6 {[%clk 00:04:45]} {[%emt 00:00:32]} Rb2 {[%clk 00:01:54]} {[%emt
00:02:38]} 42. a5 {[%clk 00:02:59]} {[%emt 00:02:14]} h4 {[%clk 00:23:11]}
{[%emt 00:09:14]} 43. Ra8 {[%clk 00:32:47]} {[%emt 00:00:41]} h3 {[%clk
00:21:16]} {[%emt 00:02:26]} 44. Rh8 {[%clk 00:33:08]} {[%emt 00:00:08]} h2
{[%clk 00:21:04]} {[%emt 00:00:43]} 45. Rxh2 {[%clk 00:16:52]} {[%emt
00:16:45]} Rxh2 {[%clk 00:17:10]} {[%emt 00:04:24]} 46. b7 {[%clk 00:15:36]}
{[%emt 00:01:45]} Rh3+ {[%clk 00:17:18]} {[%emt 00:00:23]} 47. Kf2 {[%clk
00:12:27]} {[%emt 00:03:39]} e3+ {[%clk 00:17:36]} {[%emt 00:00:12]} 48. Ke2
{[%clk 00:11:02]} {[%emt 00:01:54]} Rh4 {[%clk 00:15:20]} {[%emt 00:02:47]} 49.
b8=Q {[%clk 00:07:02]} {[%emt 00:04:30]} Rxd4 {[%clk 00:15:41]} {[%emt
00:00:09]} 50. Kxe3 {[%clk 00:06:49]} {[%emt 00:00:42]} Rc4 {[%clk 00:09:33]}
{[%emt 00:06:38]} 51. Qd6+ {[%clk 00:05:49]} {[%emt 00:01:29]} Ke8 {[%clk
00:10:00]} {[%emt 00:00:04]} 52. a6 {[%clk 00:05:52]} {[%emt 00:00:27]} f4+
{[%clk 00:10:24]} {[%emt 00:00:06]} 53. Kd2 {[%clk 00:04:01]} {[%emt 00:02:20]}
f3 {[%clk 00:08:18]} {[%emt 00:02:37]} 54. a7 {[%clk 00:03:55]} {[%emt
00:00:36]} Rc8 {[%clk 00:08:41]} {[%emt 00:00:08]} 55. Qb8 {[%clk 00:03:38]}
{[%emt 00:00:47]} f2 {[%clk 00:09:06]} {[%emt 00:00:05]} 56. Ke2 {[%clk
00:03:58]} {[%emt 00:00:09]}  1-0